banner koha

Competicao de dez hibridos e uma populacao de aspargo no Vale do Submedio Sao Francisco 1. e 2. ano de colheita [Asparagus officinalis L., Pernambuco] (Registro n. 279309)

MARC details
000 -LÍDER
campo de controle de tamanho fixo 01152nac a22002897a 4500
001 - NÚMERO DE CONTROLE
campo de controle BR8602216
003 - IDENTIFICADOR DO NÚMERO DE CONTROLE
campo de controle BR-BrBNA
005 - DATA E HORÁRIO DA ÚLTIMA TRANSAÇÃO
campo de controle 20240105120419.0
008 - CAMPO DE DADOS FIXOS--INFORMAÇÃO GERAL
campo de controle de tamanho fixo 230509b bl.|||m| |||| 00| 0 por d
040 ## - FONTE DA CATALOGAÇÃO
Instituição da catalogação original BR-BrBNA
Idioma da catalogação por
Instituição que transcreveu o registro Biblioteca Nacional de Agricultura
072 ## - CÓDIGO DE CATEGORIA DE ASSUNTO
Código de Categoria de Assunto F30
090 ## - NÚMERO DE CHAMADA LOCAL
Número de chamada 1610 BR8602216
100 1# - ENTRADA PRINCIPAL--NOME PESSOAL
Nome pessoal Oliveira, L.O.B. de
100 1# - ENTRADA PRINCIPAL--NOME PESSOAL
Nome pessoal Oliveira, J.J.
110 1# - ENTRADA PRINCIPAL--NOME CORPORATIVO
Nome corporativo ou nome da jurisdição Centro de Pesquisa Agropecuaria do Tropico Semi-Arido, Petrolina, PE (Brasil)
245 1# - TÍTULO
Título Competicao de dez hibridos e uma populacao de aspargo no Vale do Submedio Sao Francisco 1. e 2. ano de colheita [Asparagus officinalis L., Pernambuco]
246 1# - FORMA VARIANTE DO TÍTULO
Título/título abreviado [Comparison of ten hybrids and an asparagus population in the Submedio Sao Francisco valley, 1 and 2 harvest year]
260 3# - PUBLICAÇÃO, DISTRIBUIÇÃO, ETC.
Local de publicação, distribuição, etc. Petrolina, PE (Brasil):
Data da publicação, distribuição, etc. 1985.
300 ## - DESCRIÇÃO FÍSICA
Extensão 4 p.
490 ## - TÍTULO DA SÉRIE
Título da série Pesquisa em Andamento - Centro de Pesquisa Agropecuaria do Tropico Semi-Arido (Brazil)
Número do volume ou designação sequencial da série no. 36
ISSN - International Standard Serial Number ISSN 0100-6118
650 ## - ASSUNTO--TERMO TÓPICO
Cabeçalho tópico ou nome geográfico ASPARGO
650 ## - ASSUNTO--TERMO TÓPICO
Cabeçalho tópico ou nome geográfico HIBRIDO
650 ## - ASSUNTO--TERMO TÓPICO
Cabeçalho tópico ou nome geográfico COMPORTAMENTO DE VARIEDADE
650 ## - ASSUNTO--TERMO TÓPICO
Cabeçalho tópico ou nome geográfico RENDIMENTO
909 ## -
-- 202312
-- Lúcia Elande
-- 55
-- Lúcia Elande
942 ## - ELEMENTOS DE ENTRADA ADICIONADOS (KOHA)
Fonte da classificação ou esquema de arquivamento na estante Classificação AGRIS
Ocultar no OPAC Não
Tipo de material Koha Monografia Seriada
Exemplares
Situação do descarte Fonte da classificação ou esquema de arquivamento na estante Situação física Não pode ser emprestado Coleção Biblioteca de origem Biblioteca atual Localização na estante Total de empréstimos Número de telefone completo Código de barras Data de último acesso Tipo de material Koha Fonte de aquisição
  Classificação AGRIS       Biblioteca Nacional de Agricultura - Binagri Biblioteca Nacional de Agricultura - Binagri Agrobase - Acervo Geral   1610 BR8602216 1610 BR8602216 18/12/2023 Monografia Seriada Portaria Interministerial nº 164/94

BINAGRI

Telefone: (61)3218-2567/2388/3357/2097 - binagri@agro.gov.br

Ministério da Agricultura e Pecuária , Esplanada dos Ministérios, Bloco D, Anexo B, Brasília/DF, CEP: 70.043-900